000 00285nam a22001337a 4500
008 170511b xxu||||| |||| 00| 0 eng d
020 _a2900735576499
041 _aeng
080 _26TH
_a34
100 _a15
101 _aSHJ
245 _aSECURED CREDIT
_cLOPUCKI
942 _2udc
_cBK
999 _c13200
_d13200